<?xml version="1.0" encoding="UTF-8"?>
<marc:record xmlns:marc="http://www.loc.gov/MARC21/slim">
   <marc:leader>00000nam a2200000 a 4500</marc:leader>
   <marc:datafield ind1="1" ind2=" " tag="100">
      <marc:subfield code="a">Wilmes, Liane</marc:subfield>
      <marc:subfield code="4">aut</marc:subfield>
      <marc:subfield code="e">Verfasser/-in</marc:subfield>
   </marc:datafield>
   <marc:datafield ind1="0" ind2="0" tag="245">
      <marc:subfield code="a">Erst der Regen verzaubert das Licht</marc:subfield>
   </marc:datafield>
   <marc:datafield ind1="0" ind2="0" tag="245">
      <marc:subfield code="b">Roman</marc:subfield>
   </marc:datafield>
   <marc:datafield ind1="0" ind2="0" tag="245">
      <marc:subfield code="c">Liane Wilmes</marc:subfield>
   </marc:datafield>
   <marc:datafield ind1=" " ind2="1" tag="264">
      <marc:subfield code="a">Berlin</marc:subfield>
      <marc:subfield code="b">Aufbau TB</marc:subfield>
      <marc:subfield code="c">2022</marc:subfield>
   </marc:datafield>
   <marc:datafield ind1=" " ind2=" " tag="250">
      <marc:subfield code="a">1. Auflage</marc:subfield>
   </marc:datafield>
   <marc:datafield ind1="1" ind2=" " tag="520">
      <marc:subfield code="a">Angaben aus der Verlagsmeldung

Erst der Regen verzaubert das Licht : Roman / von Liane Wilmes

Wie uns die Liebe das Leben malt

Ein paar Tage Strand, durch die Museen Nizzas bummeln und dann heiratet sie die Liebe ihres Lebens – Lilith kann ihr Glück kaum fassen. Doch als sie dem mysteriösen Alex begegnet, weiß ihr Herz plötzlich nicht mehr, was es will. Zurück in Hamburg gibt es nur die eine richtige Entscheidung und zehn Jahre später hat die Kunstgaleristin all das, was sie sich erträumt hat. Als ihre beste Freundin jedoch ihren neuen Freund vorstellt, steht Liliths Leben plötzlich kopf. Denn den Mann an Bines Seite hat sie schon einmal getroffen …

Berührend, feinfühlig, lebendig – Liane Wilmes erzählt Geschichten, wie sie nur das Leben schreibt

</marc:subfield>
   </marc:datafield>
   <marc:datafield ind1=" " ind2=" " tag="020">
      <marc:subfield code="a">9783746638393</marc:subfield>
      <marc:subfield code="9">9783746638393</marc:subfield>
   </marc:datafield>
   <marc:datafield ind1=" " ind2=" " tag="020">
      <marc:subfield code="a">3746638399</marc:subfield>
      <marc:subfield code="9">3746638399</marc:subfield>
   </marc:datafield>
   <marc:datafield ind1=" " ind2=" " tag="041">
      <marc:subfield code="a">ger</marc:subfield>
   </marc:datafield>
   <marc:datafield ind1=" " ind2=" " tag="300">
      <marc:subfield code="a">368 Seiten</marc:subfield>
   </marc:datafield>
</marc:record>
